00482nam a2200145 a 450000100080000000500110000800800410001910000200006024500740008026001150015430000160026965000130028570000180029870000200031621114012019-08-30 1982 bl uuuu u00u1 u #d1 aITALIANO, E. C. aMacronutrientes e FTE em pastagem de capim colonião em degradação. aIn: REUNIÃO ANUAL DA SOCIEDADE BRASILEIRA DE ZOOTECNIA, 19., 1982, Piracicaba. Anais... Piracicaba: SBZc1982 ap. 348-349. aPastagem1 aMORAES, E. de1 aCANTO, A. do C.